000 00813nam a22002297a 4500
999 _c16258
_d16258
003 AR-CdUCM
008 190502b ||||| |||| 00| 0 spa d
040 _aMUNICIPALIDAD PROVINCIAL DEL CUSCO
_cBIBLIOTECA MUNICIPAL DEL CUSCO
082 _23ed.
_a193 /
_bB86
100 _aBuber, Martín
_96428
245 _aQué es el hombre /
260 _aMéxico :
_bFondo de Cultura Económica,
_c1954.
300 _a157 páginas ;
_c18 cm.
440 _aBreviarios del fondo de cultura económica ;
_n10
_935598
505 _aContenido: Trayectoria de la interrogación -- Los intentos de nuestra época.
650 _aAntropología filosófica
_912049
650 _aSeres humanos
_921798
650 _aOrigen
_915147
700 _aÍmaz, Eugenio (traductor)
_935599
942 _2ddc
_cLIBROS
945 _aacv
_d2019-05-02